000 00706nam a2200265Ia 4500
005 20260121170620.0
008 008 260114s9999 xx 000 0 eng d
020 _a9783319896595
037 _aEBOOK
040 _aCRL
040 _beng
040 _cCRL
041 _2eng
041 _aeng
084 _qCRL
100 _aT. G. Sitharam, Naveen James, Sreevalsa Kolathayar
_91066068
245 0 _aComprehensive Seismic Zonation Schemes for Regions at Different Scales
260 _bSpringer
260 _bSpringer
260 _c2018
856 _uhttps://link.springer.com/openurl?genre=book&isbn=978-3-319-89659-5
942 _cEBOOK
999 _c1631798
_d1631798